| 000 | 00482nam a22001817a 4500 | ||
|---|---|---|---|
| 003 | OSt | ||
| 005 | 20131105104322.0 | ||
| 008 | 130425s2006 sp ||||| |||| 00| 0 spa d | ||
| 020 | _a8496280829 | ||
| 040 | _cCDMR | ||
| 100 | 1 |
_93277 _aSusperregui, José Manuel |
|
| 245 | 1 | 0 |
_aFamosos pillados _cJosé Manuel Susperregui |
| 260 |
_aMadrid _bEspejo de Tinta _c2006 |
||
| 300 | _a253 p. | ||
| 650 | 0 | 4 |
_93301 _aRevistes del cor _zEspannya |
| 650 | 0 | 4 |
_93097 _aFotògrafs |
| 942 |
_2udc _cMON |
||
| 999 |
_c6134 _d6134 |
||